| 000 | 01576nam0a2200349 i 4500 | ||
|---|---|---|---|
| 001 | RU\NLR\BIBL_A\010465118 | ||
| 005 | 20241115065853.0 | ||
| 010 |
_a9785948611969 _bЛКС |
||
| 010 |
_a978-5-905913-48-8 _bВиссон _92000 |
||
| 021 |
_aRU _b14-52830 |
||
| 035 | _a(NILC)RuMoRGB-007524390 | ||
| 035 | _a(NLR Aleph) 010465118 | ||
| 090 |
_a9997690 _c9997690 |
||
| 100 | _a20140922d2014 u y0rusy50 ca | ||
| 101 | 1 |
_arus _ceng |
|
| 102 | _aRU | ||
| 105 | _aa|||z|||||||| | ||
| 200 | 1 |
_a30 дней на укрощение гнева _eкак понимание истинной природы раздражения, разочарования и ярости помогает укротить свой гнев _e[перевод с английского] _fДебора Смит Пегай |
|
| 210 |
_aСанкт-Петербург _cВИССОН _cЛКС _d2014 |
||
| 215 |
_a157, [2] с. _cил. _d17 |
||
| 225 | 1 | _aУкрощение себя | |
| 300 | _aЗагл. и авт. ориг.: 30 days to taming your anger/ by Deborah Smith Pegues | ||
| 454 | 0 |
_12001#$a30 days to taming your anger$fby Deborah Smith Pegues _1700#1$aPegues$bD.S.$gDeborah Smith _t30 days to taming your anger _aPegues, Deborah Smith |
|
| 532 | 1 | 0 | _aТридцать дней на укрощение гнева |
| 606 |
_aЕвангелизация _92082319 _3RU\NLR\AUTH\661258340 |
||
| 686 | 1 | _aЭ376,0 | |
| 700 | 1 |
_aПегай _bД. С. _f1950- _gДебора Смит |
|
| 942 | _cBOOK | ||
| 980 | _aNBR | ||